Познавате ли своето дете? (Запис номер 124395)
[ съкратено ]
| 000 -Лидер | |
|---|---|
| Контролно поле с фиксирана дължина | 01537nam a2200337 c 4500 |
| 003 - Код на организацията, давaща контролен номер | |
| Контролно поле | BLK |
| 005 - Дата и час на последна редакция | |
| Контролно поле | 20220427142356.0 |
| 008 - Елементи от данни с фиксирана дължина | |
| fixed length control field | 180409b bul|||||r ||||||| ||bul|| |
| 010 ## - Наследен системен номер | |
| LC control number | KNG00130061000 |
| 040 ## - Източник на каталожния запис | |
| Идентификатор на билиотеката - собственик на записа | BLK |
| 041 ## - Код за език | |
| Код за езика на текст/звукозапис или на отделно заглавие | Български |
| Код за езика КДБФ | Български |
| 080 ## - УДК | |
| Текстов определител УДК | Възпитание у дома. Семейно възпитание |
| УДК код - определител по УДК | 37.018.1 |
| УДК - код + определител | 37.018.1 |
| 100 1# - Редна дума - Автор | |
| Автор | Баев, Борис Федорович |
| Авторска отговорност | първи автор |
| R(LIN) | 318791 |
| 139 ## - Редно поле | |
| Редна дума | Баев, Борис Федорович |
| Авторски знак | Баг - Б 13 |
| 245 10 - Сведения за заглавието | |
| Заглавие | Познавате ли своето дете? |
| Подзаглавни данни | Науч.-попул. очерк |
| Редно поле (дума) | Борис Федорович Баев; прев. от укр. Ирина Иванова Манова. |
| 257 ## - Страна на издаване | |
| Страна на създаване/издаване | Украйна |
| 260 ## - Област на издателските данни | |
| Име на издателя, разпространителя и проч. | Нар. просв. |
| Година на издаване | 1982 |
| Печатница | В. Търново : Д. Найденов |
| Място на издаване, разпространение и проч. | София |
| 300 ## - Физическа характеристика | |
| Страници | 95 с. |
| Размери/Мащаб | 20 см |
| 380 ## - Жанр | |
| Жанр | Обществени науки |
| 490 ## - СЕРИИ (Колекции) | |
| Име на серия | Библиотека за родителя |
| 9 (RLIN) | 205377 |
| 500 ## - Общи забележки | |
| Забележка | Ориг. загл. Чи знаете ви свою дитину. - 15 105 тир. - Библиогр. под линия. |
| 650 #4 - Допълнително описание по предмет – тема | |
| Основно описание – тема или топоним | Възпитание в семейството |
| 9 (RLIN) | 242361 |
| 650 #4 - Допълнително описание по предмет – тема | |
| Основно описание – тема или топоним | Семейно възпитание |
| 9 (RLIN) | 263959 |
| 653 ## - Ключова дума – ненормативна | |
| Ключова дума | семейно възпитание |
| 700 1# - Други автори (авторска отговорност) | |
| Лично име | Манова, Ирина Иванова |
| Автороска отговорност (Описва отношението между автора и произведението) | прев. от укр. |
| 9 (RLIN) | 377376 |
| 852 ## - Местоположение | |
| Форматна сигнатура | Цб 117333 |
| Фондова буква | Хранилище |
| 856 4# - Електронен адрес и достъп | |
| Електронен формат | pdf - файл |
| 856 4# - Електронен адрес и достъп | |
| Електронен формат | pdf - файл |
| 999 ## - СИСТЕМНИ КОНТРОЛНИ НОМЕРА | |
| Koha biblionumber | 124395 |
| Koha biblioitemnumber | 124395 |
| 942 ## - АРТИКУЛИ | |
| Вид на библиотечния материал | Книги |
| Скрит в OPAC | Не |
| Периодичен библиозапис | Да |
| 944 ## - СЪЗДАВАНЕ И РЕДАКЦИЯ на ЗАПИСА | |
| Създаване/Редакция | Създаване |
| Дата на регистрацията/редакция | 26.04.2012 |
| Статус, дата на статуса | 26.04.2012 - от С1,Р / 26.04.2012 |
| Служител, извършил регистрацията/редакцията | Диана_Димитрова |
| 944 ## - СЪЗДАВАНЕ И РЕДАКЦИЯ на ЗАПИСА | |
| Създаване/Редакция | Редакция |
| Дата на регистрацията/редакция | 26.04.2012 |
| Статус, дата на статуса | 26.04.2012 - от С1,Р / 26.04.2012 |
| 944 ## - СЪЗДАВАНЕ И РЕДАКЦИЯ на ЗАПИСА | |
| Създаване/Редакция | Редакция |
| Дата на регистрацията/редакция | 2022-04-27 |
| 999 ## - СИСТЕМНИ КОНТРОЛНИ НОМЕРА | |
| Koha biblioitemnumber | 124395 |
| Код за отписване | Код за изгубен артикул | Източник на класификационната схема | Код за повреда | Коз за рестрикции | Код за отдаване | Артикулен № | Име на библиотеката - собственик | Име на библиотеката, в която се намира в момента | Статус (Текущо местоположение) | Дата на вписване в системата | Местоположение - отдел | Цена в лева | Инвентарен номер | Систематично азбучна сигнатура | Баркод | Номер на екземпляра | Цена в евро | Служебна бележка | Служебен тип на артикула |
|---|---|---|---|---|---|---|---|---|---|---|---|---|---|---|---|---|---|---|---|
| Не е изгубен | Universal Decimal Classification | Не е повреден | без рестрикции | ползва се в читалня | 201821 | Регионална библиотека "Любен Каравелов" Русе | Регионална библиотека "Любен Каравелов" Русе | Хранилище | 1982-01-01 | Хранилище | 0.80 | 362531 | Цб 117333 | 120000362531 | 1 | 0.41 | Дост: Dp Вид: Д N: стар фонд Дата: 01.01.1982 | Книги | |
| Изтеглен | Не е изгубен | Universal Decimal Classification | Не е повреден | без рестрикции | заемане за дома | 201822 | Регионална библиотека "Любен Каравелов" Русе | Регионална библиотека "Любен Каравелов" Русе | Заемна - подръчен фонд | 1982-01-01 | Заемна - подръчен фонд | 0.80 | 362907 | П 37.018/Б 13 | 362907 | 2 | 0.41 | Дост: Pk Вид: Ф N: стар фонд Дата: 01.01.1982 | Книги |